| 000 | 004430000a22001810004500 | ||
|---|---|---|---|
| 003 | MACL | ||
| 005 | 20151230125042.0 | ||
| 008 | 151230b xxu||||| |||| 00| 0 eng d | ||
| 040 |
_aMACL _cMACL |
||
| 041 | _aEnglish | ||
| 082 | _a303.428/SET | ||
| 100 |
_aSethi, Dr R R _924215 |
||
| 245 |
_aInternational Relation _bTo 1945 |
||
| 260 | _bBookhive Publishers | ||
| 350 | _a12 | ||
| 650 |
_aSociology _924786 |
||
| 942 |
_cBK _k303.482/SET _2ddc |
||
| 999 |
_c33944 _d33944 |
||